| 000 | 00586nam a22002055i 4500 | ||
|---|---|---|---|
| 001 | 11575 | ||
| 003 | ES-MaACL | ||
| 005 | 20230906150129.0 | ||
| 007 | t| | ||
| 008 | 920608s1996 sp ||||0| spa d | ||
| 020 | _a84-7764-593-0 | ||
| 040 |
_aM-BN _bspa _cM-BN |
||
| 080 | _a929(100) | ||
| 245 | 0 | 0 |
_aGrandes biografías / _c[dirección de obra, Sebastián Puigserver]. |
| 260 |
_aBarcelona : _bOcéano, _cD.L. 1996. |
||
| 300 |
_a4 v : _bil ; _c27 cm. |
||
| 650 | 4 |
_aBiografías. _910574 |
|
| 700 | 1 |
_aPuigserver, Sebastián. _994306 |
|
| 852 |
_aES-MaACL _jL-18936-39 _bR.125110 |
||
| 999 |
_c11575 _d11575 |
||